Click to Translate - Kannada - Statistics

General Stats
  • This quiz has been taken 480 times
    469 since last reset
  • The average score is 10 of 20
Answer Stats
Hint Answer % Correct
Hello ನಮಸ್ಕಾರ (Namaskāra)
75%
Book ಪುಸ್ತಕ (Pustaka)
63%
Night ರಾತ್ರಿ (Rātri)
61%
Country ದೇಶ (Dēśa)
58%
Water ನೀರು (Nīru)
58%
Me ನಾನು (Nānu)
56%
Why ಏಕೆ (Ēke)
54%
Eye ಕಣ್ಣು (Kaṇṇu)
53%
Nine ಒಂಬತ್ತು (Ombattu)
50%
Tomorrow ನಾಳೆ (Nāḷe)
48%
Dog ನಾಯಿ (Nāyi)
47%
Hear ಕೇಳು (Kēḷu)
46%
Son ಮಗ (Maga)
46%
Milk ಹಾಲು (Hālu)
45%
Rain ಮಳೆ (Maḷe)
43%
Red ಕೆಂಪು (Kempu)
39%
Do ಮಾಡು (Māḍu)
39%
Summer ಬೇಸಿಗೆ (Bēsige)
38%
How ಹೇಗೆ (Hēge)
38%
Fruit ಹಣ್ಣು (Haṇṇu)
33%
No matching quizzes found
Score Distribution
Percent of People with Each Score
Percentile by Number Answered
Your Score History
You have not taken this quiz since the last reset